000 01017nam a2200301 a 4500
001 BRCA_6370
005 20190320205429.0
008 310811s19uu----nyua######---#000-0#eng-#
041 _aeng
044 _anyu
050 4 _aN620
_b.C38 1 1900
245 1 0 _aCatalogue 31.
260 _aNueva York
_bWilliam H. Schab Gallery
_c[19--?]
300 _a154 p.
_bil.
_c29 cm.
500 _aIncluye índice alfabético
500 _aEstado físico: lomo roto de la parte inferior
500 _aTítulo de cubierta: Early Printed and Illustrated Books, Illuminated Manuscripts
500 _aCatálogo de subasta inventariado por Banco de México como libro
500 _aVer también CEF59, CEF78 y DD38
500 _aCEF58
650 1 4 _aLibros ilustrados
_vCatálogos
_915956
650 1 4 _aArte
_vColecciones particulares
_915957
650 1 4 _aGalerías y museos
_zEstados Unidos
_97437
650 1 4 _aSubastas
_97837
710 2 _aGalería William H. Schab (Nueva York)
_912965
902 _aGFM
942 _2lcc
_cB
999 _c6056
_d6056